Meet the surveyor of the future... recognise yourself in there? (Record no. 84890)
[ view plain ]
| 000 -LEADER | |
|---|---|
| fixed length control field | 00973cam a22002655a 4500 |
| 001 - CONTROL NUMBER | |
| control field | L159650 |
| 008 - FIXED-LENGTH DATA ELEMENTS--GENERAL INFORMATION | |
| fixed length control field | 150226s2017 xxk f 000 0 eng d |
| 035 ## - SYSTEM CONTROL NUMBER | |
| System control number | (Sirsi) u159650 |
| 041 0# - LANGUAGE CODE | |
| Language code of text/sound track or separate title | eng |
| 100 1# - MAIN ENTRY--PERSONAL NAME | |
| Personal name | Brister, Andrew |
| 245 00 - TITLE STATEMENT | |
| Title | Meet the surveyor of the future... recognise yourself in there? |
| 260 ## - PUBLICATION, DISTRIBUTION, ETC. | |
| Date of publication, distribution, etc. | 2017 |
| 490 ## - SERIES STATEMENT | |
| Series statement | Modus |
| Volume/sequential designation | July-August 2017, 14-22 (9) |
| 520 ## - SUMMARY, ETC. | |
| Summary, etc. | Meet the drone-flying, BIM-using, forward-thinking, user-experiencing, dog-walking, ar-dwelling, blockchaining, continually training, scenario-designing, wax jacket-wearing, value-addind, data-wrangling, change-embracing surveyor of the future. Panel of experts comments the future of the surveying profession. |
| 590 ## - LOCAL NOTE (RLIN) | |
| Local note | KA |
| 650 24 - SUBJECT ADDED ENTRY--TOPICAL TERM | |
| Topical term or geographic name entry element | SURVEYING |
| 650 24 - SUBJECT ADDED ENTRY--TOPICAL TERM | |
| Topical term or geographic name entry element | AUGMENTED REALITY |
| 650 24 - SUBJECT ADDED ENTRY--TOPICAL TERM | |
| Topical term or geographic name entry element | DRONE |
| 650 24 - SUBJECT ADDED ENTRY--TOPICAL TERM | |
| Topical term or geographic name entry element | BLOCKCHAIN |
| 650 24 - SUBJECT ADDED ENTRY--TOPICAL TERM | |
| Topical term or geographic name entry element | BIM |
| 9 (RLIN) | 6219 |
| 690 ## - LOCAL SUBJECT ADDED ENTRY--TOPICAL TERM (OCLC, RLIN) | |
| Topical term or geographic name as entry element | FUTURE OF THE PROFESSION |
| 700 1# - ADDED ENTRY--PERSONAL NAME | |
| Personal name | Cousins, Stephen |
| 700 1# - ADDED ENTRY--PERSONAL NAME | |
| Personal name | Watson, Stuart |
| 942 ## - ADDED ENTRY ELEMENTS (KOHA) | |
| Suppress in OPAC | 0 |
| Source of classification or shelving scheme | Dewey Decimal Classification |
| Withdrawn status | Lost status | Source of classification or shelving scheme | Damaged status | Not for loan | Home library | Current library | Shelving location | Date acquired | Total Checkouts | Full call number | Barcode | Date last seen | Copy number | Price effective from | Koha item type |
|---|---|---|---|---|---|---|---|---|---|---|---|---|---|---|---|
| Dewey Decimal Classification | London | London | Journal article | 04/12/2017 | L159650 | 159650-2001 | 06/08/2019 | 1 | 06/08/2019 | Journal article |